Loading...

A History of the Twentieth Century. V2: 1933-1951/

Bibliografiske detaljer
Hovedforfatter: Gilbert, Martin
Format: Printed Book
Udgivet: New York: Avon Books, 1997.
LEADER 00486nam a22001337a 4500
020 |a 0-380-71393-2 
082 |2 22nd  |a 909.82  |b GIL/H.2 
100 |a Gilbert, Martin. 
245 |a A History of the Twentieth Century. V2: 1933-1951/ 
260 |a New York:  |b Avon Books,  |c 1997. 
300 |a 1050p. 
942 |2 ddc  |c BK 
999 |c 340616  |d 340616 
952 |0 0  |1 0  |2 ddc  |4 0  |6 909_820000000000000_GIL_H_2  |7 0  |8 WAS  |9 391060  |a POL  |b POL  |c ST1  |d 2012-02-02  |g 0.00  |i 377  |l 0  |o 909.82 GIL/H.2  |p POLW377  |r 2015-03-04  |w 2015-03-04  |y BK